[Event "68th ch-RUS HL w 2018"]
[Site "Yaroslavl RUS"]
[Date "2018.06.26"]
[Round "1.22"]
[White "Schepetkova, Margarita"]
[Black "Yakushina, Ekaterina"]
[Result "1-0"]
[WhiteTitle "WIM"]
[WhiteElo "2244"]
[BlackElo "1886"]
[WhiteFideId "4189949"]
[BlackFideId "34166014"]
[EventDate "2018.06.26"]

1. d4 Nf6 2. c4 g6 3. Nc3 d5 4. e3 Bg7 5. Bd2 O-O 6. Nf3 c5 7. dxc5 Na6 8. cxd5
Nxc5 9. Bc4 Bf5 10. O-O Rc8 11. Qe2 Nfe4 12. Be1 Nxc3 13. bxc3 Be4 14. Rd1 Qa5
15. Nd4 Na4 16. Bb3 Nxc3 17. Bxc3 Qxc3 18. f3 Bf5 19. Nxf5 gxf5 20. f4 Rfd8 21.
Rf3 Qb2 22. Qe1 Rd6 23. Rf2 Qf6 24. h3 Qh4 25. Kh2 Bc3 26. Qe2 Rg6 27. Rf3 Qf6
28. d6 exd6 29. Qb5 Kh8 30. Qxb7 Rcg8 31. g3 Rf8 32. Qd5 Bb4 33. Bc2 Qb2 34. Rf2
Bc5 35. Rg2 Re6 36. Bxf5 Qf6 37. Bxe6 fxe6 38. Qd3 e5 39. Rb1 exf4 40. exf4 Bb6
41. Re1 Rc8 42. Rge2 Bc5 43. Re7 Qh6 44. Qc3+ Kg8 45. Qb3+ Kh8 46. Re8+ Rxe8 47.
Rxe8+ Kg7 48. Qg8+ Kf6 49. Re6+ 1-0

[Event "68th ch-RUS HL w 2018"]
[Site "Yaroslavl RUS"]
[Date "2018.06.26"]
[Round "1.23"]
[White "Bocharova, Ulyana"]
[Black "Semenova, Elena1"]
[Result "1-0"]
[BlackTitle "WIM"]
[WhiteElo "1874"]
[BlackElo "2238"]
[WhiteFideId "24174513"]
[BlackFideId "24125148"]
[EventDate "2018.06.26"]

1. c4 g6 2. Nc3 c5 3. g3 Bg7 4. Bg2 Nc6 5. Nf3 e6 6. e3 Nge7 7. d4 cxd4 8. exd4
d5 9. cxd5 Nxd5 10. O-O O-O 11. Nxd5 exd5 12. Be3 Bf5 13. Rc1 Be4 14. Qd2 Re8
15. Rfd1 Rc8 16. Ne1 Qe7 17. Rc3 Bxg2 18. Kxg2 Qe4+ 19. Nf3 Ne7 20. Rxc8 Rxc8
21. Rc1 Rxc1 22. Qxc1 h5 23. h4 Nf5 24. Qc8+ Kh7 25. Qxb7 Nxh4+ 26. gxh4 Qg4+
27. Kh2 Qxf3 28. Qxa7 Bf8 29. Qb8 Bh6 30. Qg3 Qe2 31. Bxh6 Kxh6 32. Qe3+ 1-0

[Event "68th ch-RUS HL w 2018"]
[Site "Yaroslavl RUS"]
[Date "2018.06.27"]
[Round "2.1"]
[White "Bodnaruk, Anastasia"]
[Black "Maltsevskaya, Aleksandra"]
[Result "0-1"]
[WhiteTitle "IM"]
[WhiteElo "2451"]
[BlackElo "2279"]
[WhiteFideId "4181751"]
[BlackFideId "24174041"]
[EventDate "2018.06.26"]

1. e4 c6 2. d4 d5 3. e5 Bf5 4. g4 Bd7 5. Nc3 Qc8 6. h3 c5 7. Nge2 e6 8. Be3 Nc6
9. f4 h5 10. Bg2 Nge7 11. dxc5 Ng6 12. Bf2 Na5 13. Qd4 b6 14. cxb6 axb6 15. Qxb6
Be7 16. O-O hxg4 17. hxg4 Nh4 18. Bh1 Nc4 19. Qd4 Nxb2 20. a4 Nc4 21. Nb5 f6 22.
exf6 gxf6 23. Ng3 Kf7 24. f5 Ne5 25. Be3 Bxb5 26. fxe6+ Qxe6 27. Bxd5 Nhf3+ 28.
Rxf3 Nxf3+ 29. Bxf3 Bc6 30. Bxc6 Qxc6 31. Qe4 Qxe4 32. Nxe4 Rhc8 33. c3 Rg8 34.
g5 f5 35. Nf2 Bxg5 36. Bxg5 Rxg5+ 37. Kf1 Rg3 38. Ra3 Rb8 39. Nd1 Rb1 40. Ke2
Rh3 41. Ra2 f4 42. Rd2 Ra1 43. c4 Rxa4 44. Nf2 Re3+ 45. Kf1 Rxc4 46. Ng4 Re7 47.
Kf2 Kg6 48. Kf3 Ra4 49. Rd3 Re1 50. Rd8 Rf1+ 51. Kg2 Rb1 52. Rd2 Rb3 53. Ne5+
Kf5 54. Nf3 Rba3 55. Rd5+ Ke6 56. Rb5 Kd6 57. Rb6+ Kc5 58. Rf6 Rc3 59. Rf5+ Kd6
60. Ne1 Ra2+ 61. Kf1 Rh3 62. Kg1 Re3 63. Ng2 Rg3 64. Kh1 f3 65. Ne3 f2 66. Rf6+
Kd7 67. Nf1 Rg1+ 0-1

[Event "68th ch-RUS HL w 2018"]
[Site "Yaroslavl RUS"]
[Date "2018.06.27"]
[Round "2.2"]
[White "Dordzhieva, Dinara"]
[Black "Galliamova, Alisa"]
[Result "1/2-1/2"]
[WhiteTitle "WIM"]
[BlackTitle "IM"]
[WhiteElo "2274"]
[BlackElo "2422"]
[WhiteFideId "24157570"]
[BlackFideId "4129725"]
[EventDate "2018.06.26"]

1. d4 d5 2. Nf3 Nf6 3. Bf4 c5 4. e3 Nc6 5. Nbd2 Bg4 6. c3 e6 7. Be2 Be7 8. h3
Bh5 9. O-O O-O 10. a3 c4 11. g4 Bg6 12. Nh4 Ne8 13. Nxg6 fxg6 14. Bh2 g5 15. e4
Nd6 16. Bf3 Nc8 17. Bg2 Kh8 18. a4 Bd6 19. Bxd6 Qxd6 20. b3 Na5 21. bxc4 dxc4
22. Rb1 a6 23. e5 Qa3 24. Ne4 Qe7 25. Qe2 Rb8 26. Qe3 h6 27. Nc5 Na7 28. Rb6
N7c6 29. Rfb1 Rfc8 30. Be4 Qf7 31. Bc2 Rf8 32. Be4 Rfc8 33. R1b2 g6 34. Qf3 Qxf3
35. Bxf3 Nxe5 36. Be4 Nd3 37. Nxd3 cxd3 38. Bxd3 Rxc3 39. Bxa6 Rd8 40. Be2 Rc6
41. R6b5 Ra8 42. Bf3 Rc7 43. Kg2 Rd7 44. Re2 Ra6 45. d5 exd5 46. Bxd5 Nc6 47.
Bxc6 1/2-1/2

[Event "68th ch-RUS HL w 2018"]
[Site "Yaroslavl RUS"]
[Date "2018.06.27"]
[Round "2.3"]
[White "Goltseva, Ekaterina"]
[Black "Nechaeva, Marina"]
[Result "1/2-1/2"]
[WhiteTitle "WFM"]
[BlackTitle "IM"]
[WhiteElo "2260"]
[BlackElo "2410"]
[WhiteFideId "24173770"]
[BlackFideId "4149351"]
[EventDate "2018.06.26"]

1. d4 Nf6 2. c4 g6 3. Nc3 Bg7 4. e4 d6 5. Be2 O-O 6. Be3 c5 7. d5 e6 8. Nf3 exd5
9. cxd5 b5 10. e5 Ng4 11. Bg5 f6 12. exf6 Nxf6 13. Bxb5 Qb6 14. Qd2 Bf5 15. Bxf6
Bxf6 16. Be2 Nd7 17. O-O Rab8 18. b3 Qb4 19. Rac1 Bg4 20. h3 Bxf3 21. Bxf3 Be5
22. Ne4 Nf6 23. Qxb4 Rxb4 24. Nd2 Bf4 25. Rcd1 Nd7 26. Nc4 Ne5 27. Be2 Nxc4 28.
Bxc4 Be5 29. g3 g5 30. Kg2 Rb7 31. Be2 Kg7 32. Rc1 Rb4 33. Bc4 Rb7 34. Rce1 h6
35. Re4 Rbf7 36. Be2 a5 37. Bg4 Kg6 38. Bd1 h5 39. Bc2 Kh6 40. Bd1 Rg7 41. Be2
h4 42. Ra4 hxg3 43. Rxa5 gxf2 44. Rxf2 Rxf2+ 45. Kxf2 Bd4+ 46. Kg2 Re7 47. Bf3
Re3 48. Ra6 Be5 49. Bg4 Kg6 50. Be6 Kf6 51. Ra7 Bf4 52. Kf2 Ke5 53. Ra4 Rd3 54.
Ke2 Rc3 55. Kd1 Rc1+ 56. Ke2 Rc3 57. Kd1 Rc1+ 58. Ke2 1/2-1/2

[Event "68th ch-RUS HL w 2018"]
[Site "Yaroslavl RUS"]
[Date "2018.06.27"]
[Round "2.4"]
[White "Kovanova, Baira"]
[Black "Solozhenkina, Elizaveta"]
[Result "1/2-1/2"]
[WhiteTitle "WGM"]
[BlackTitle "WIM"]
[WhiteElo "2369"]
[BlackElo "2258"]
[WhiteFideId "4164083"]
[BlackFideId "34106615"]
[EventDate "2018.06.26"]

1. d4 Nf6 2. c4 e6 3. g3 d5 4. Bg2 Bb4+ 5. Bd2 Be7 6. Nf3 O-O 7. O-O c6 8. Qc2
Nbd7 9. b3 b6 10. Bc3 Ba6 11. Nbd2 c5 12. Rfd1 Rc8 13. dxc5 Bxc5 14. Qb2 dxc4
15. Nxc4 Qe7 16. Nd4 Bxc4 17. bxc4 Ne5 18. Qb3 Rfd8 19. Rac1 Ba3 20. Rb1 Bc5 21.
Rbc1 Ba3 22. Rb1 Bc5 23. Rbc1 Ba3 1/2-1/2

[Event "68th ch-RUS HL w 2018"]
[Site "Yaroslavl RUS"]
[Date "2018.06.27"]
[Round "2.5"]
[White "Ovod, Evgenija"]
[Black "Schepetkova, Margarita"]
[Result "1-0"]
[WhiteTitle "IM"]
[BlackTitle "WIM"]
[WhiteElo "2360"]
[BlackElo "2244"]
[WhiteFideId "4131827"]
[BlackFideId "4189949"]
[EventDate "2018.06.26"]

1. e4 c6 2. d4 d5 3. e5 c5 4. dxc5 e6 5. Qg4 Nc6 6. Nf3 h5 7. Qf4 Bxc5 8. Bd3
Nb4 9. O-O Nxd3 10. cxd3 Nh6 11. Nc3 Nf5 12. Bd2 Bd7 13. Rac1 Be7 14. Ne2 Qb6
15. Ng3 Nxg3 16. Qxg3 g6 17. Bg5 Bxg5 18. Qxg5 Qd8 19. Qf4 b6 20. Rc3 Rc8 21.
Rfc1 Rxc3 22. Rxc3 h4 23. h3 Rh5 24. Qb4 Qb8 25. d4 a5 26. Qa3 Bb5 27. Nh2 Rf5
28. Ng4 Qd8 29. Nf6+ Rxf6 30. exf6 Bd7 31. Qd6 Qxf6 32. Rc7 Qd8 33. Qxb6 a4 34.
Qd6 Qe7 35. Qxe7+ Kxe7 36. f4 f6 37. Kf2 g5 38. fxg5 fxg5 39. Kf3 Kd6 40. Ra7
Ke7 41. Ra8 e5 42. dxe5 Ke6 43. Rg8 Kxe5 44. Rxg5+ Kd4 45. Ke2 1-0

[Event "68th ch-RUS HL w 2018"]
[Site "Yaroslavl RUS"]
[Date "2018.06.27"]
[Round "2.6"]
[White "Dimitrova, Aleksandra"]
[Black "Gritsayeva, Oksana"]
[Result "0-1"]
[WhiteTitle "WIM"]
[BlackTitle "WFM"]
[WhiteElo "2220"]
[BlackElo "2355"]
[WhiteFideId "24173371"]
[BlackFideId "14104652"]
[EventDate "2018.06.26"]

1. e4 e6 2. d4 d5 3. Nd2 Nc6 4. Ngf3 Nf6 5. e5 Nd7 6. Nb3 a5 7. a4 Be7 8. Bb5
Na7 9. Bd3 b6 10. O-O c5 11. dxc5 Nxc5 12. Nxc5 bxc5 13. b3 Nc6 14. Bb5 Qb6 15.
Qe2 O-O 16. Bb2 Ba6 17. Nd2 Bxb5 18. axb5 Nd4 19. Bxd4 cxd4 20. Nf3 Rfb8 21.
Rfd1 Qxb5 22. Qxb5 Rxb5 23. Nxd4 Rb6 24. Kf1 Bb4 25. Rd3 Rc8 26. Ke2 g6 27. Kd1
Rb7 28. Ra2 h6 29. f4 Rbc7 30. Nb5 Rc5 31. Nd6 Rb8 32. c4 dxc4 33. Nxc4 Rd5 34.
Ke2 Rbd8 35. Rxd5 Rxd5 36. Ra1 g5 37. fxg5 hxg5 38. Rd1 Rc5 39. Rd8+ Kg7 40. Kd3
Rb5 41. Rd7 Kg6 42. g4 Bf8 43. Kc2 Bg7 44. Ra7 Bxe5 45. h3 Bf4 46. Rxa5 Rb8 47.
Ne5+ Kg7 48. Nf3 Kf6 49. h4 gxh4 50. g5+ Kg7 51. Nxh4 Rh8 52. Nf3 Rh3 53. Nd4
Kg6 54. Ra6 Re3 55. b4 Kxg5 56. b5 e5 57. Nc6 Re1 58. Nd8 Rc1+ 59. Kb2 Rc7 60.
b6 Rd7 61. b7 Rxd8 62. Ra8 Rd2+ 63. Kc3 e4 64. b8=Q Rd3+ 65. Kc2 Bxb8 66. Rxb8
f5 0-1

[Event "68th ch-RUS HL w 2018"]
[Site "Yaroslavl RUS"]
[Date "2018.06.27"]
[Round "2.7"]
[White "Baraeva, Marina"]
[Black "Savina, Anastasia"]
[Result "1/2-1/2"]
[WhiteTitle "WIM"]
[BlackTitle "IM"]
[WhiteElo "2210"]
[BlackElo "2343"]
[WhiteFideId "24142573"]
[BlackFideId "4196872"]
[EventDate "2018.06.26"]

1. d4 Nf6 2. c4 c5 3. Nf3 cxd4 4. Nxd4 e5 5. Nb5 d5 6. cxd5 Bc5 7. N5c3 O-O 8.
g3 Ng4 9. Ne4 Bb6 10. h3 f5 11. hxg4 fxe4 12. e3 Qf6 13. Rh2 Qg6 14. Be2 Nd7 15.
Nc3 Nf6 16. Rh4 Bd7 17. Bd2 Rad8 18. Qc2 Nxg4 19. Bxg4 Bxg4 20. Qxe4 Qxe4 21.
Nxe4 h5 22. Bb4 Rf7 23. d6 Rc8 24. Bc3 Rd7 25. Bxe5 Re8 26. f4 Bxe3 27. Kf1 Bd4
28. Bxd4 Rxe4 29. Be5 g5 30. Rh2 h4 31. gxh4 gxf4 32. Re1 Rxe1+ 33. Kxe1 f3 34.
h5 Rf7 35. Kf2 Bd7 36. Rh4 Rf5 37. Bf4 Bc6 38. h6 Kh7 39. Rg4 Rf7 40. Ke3 Bd7
41. Rg1 Bc6 42. Rc1 Kg6 43. b4 a6 44. a4 Bxa4 45. Kxf3 Bc6+ 46. Kg3 Kh7 47. Re1
Bd7 48. Re5 Kg6 49. Kf3 Bc6+ 50. Ke3 Kh7 51. Re7 Rxe7+ 52. dxe7 b6 53. Kd4 a5
54. bxa5 bxa5 55. Kc5 Be8 56. Bd2 a4 57. Bc1 1/2-1/2

[Event "68th ch-RUS HL w 2018"]
[Site "Yaroslavl RUS"]
[Date "2018.06.27"]
[Round "2.8"]
[White "Tomilova, Elena"]
[Black "Vinokur, Yuliya"]
[Result "1-0"]
[WhiteTitle "WIM"]
[BlackTitle "WFM"]
[WhiteElo "2334"]
[BlackElo "2131"]
[WhiteFideId "4162340"]
[BlackFideId "34127515"]
[EventDate "2018.06.26"]

1. d4 d5 2. c4 e6 3. Nf3 c5 4. cxd5 exd5 5. g3 Nc6 6. Bg2 Nf6 7. O-O Be7 8. dxc5
Bxc5 9. a3 O-O 10. b4 Be7 11. Bb2 Ne4 12. Nbd2 Bf6 13. Bxf6 Qxf6 14. Nb3 Rd8 15.
Rc1 d4 16. Qd3 Bf5 17. Nh4 Ne5 18. Qb1 d3 19. exd3 Ng5 20. f4 Bxd3 21. Qa2 Bxf1
22. Rxf1 Qe6 23. fxe5 Rac8 24. Qb2 b6 25. Nf5 Rd3 26. Nc1 Rdc3 27. Qd2 Nf3+ 28.
Bxf3 Qxf5 29. Bg2 Qxe5 30. Ne2 Rc2 31. Qf4 Qxf4 32. Nxf4 Ra2 33. b5 Rxa3 34. Nd5
Kf8 35. Nb4 Rc5 36. Bc6 Rb3 37. Na6 Re5 38. Rd1 g6 39. Kg2 Rb2+ 40. Kf3 Rxh2 41.
Rd8+ Kg7 42. Nc7 Ree2 43. g4 Kh6 44. Kg3 Rc2 45. Rd7 Rhf2 46. Bf3 f6 47. Ne6
Rfd2 48. Rf7 Rc3 49. Rxf6 Rd5 50. Kh4 Rxf3 51. Rxf3 g5+ 52. Kg3 Kg6 53. Nc7 Re5
54. Rd3 h6 55. Rd6+ Kg7 56. Kf3 Rc5 57. Ne6+ 1-0

[Event "68th ch-RUS HL w 2018"]
[Site "Yaroslavl RUS"]
[Date "2018.06.27"]
[Round "2.9"]
[White "Bulatova, Kamaliya"]
[Black "Belenkaya, Dina"]
[Result "0-1"]
[WhiteTitle "WFM"]
[BlackTitle "WGM"]
[WhiteElo "2051"]
[BlackElo "2308"]
[WhiteFideId "34111546"]
[BlackFideId "24142654"]
[EventDate "2018.06.26"]

1. d4 d5 2. c4 dxc4 3. e4 Nf6 4. e5 Nd5 5. Bxc4 Nb6 6. Bd3 Nc6 7. Ne2 Nb4 8. Be4
N4d5 9. O-O g6 10. Nbc3 c6 11. Nf4 Nxf4 12. Bxf4 Be6 13. Qf3 Qd7 14. h3 Bg7 15.
Rfd1 Rd8 16. Rac1 O-O 17. b3 Bf5 18. Bg3 Qe6 19. Bxf5 gxf5 20. Qe3 Kh8 21. f4 a6
22. Rc2 Rg8 23. Qf3 Rd7 24. Bf2 Bh6 25. Be3 Nd5 26. Nxd5 Rxd5 27. Kh2 Qg6 28.
Rg1 e6 29. Rc4 Bf8 30. Bf2 Qh6 31. Be3 Be7 32. Rcc1 Bd8 33. Rc4 Rd7 34. g3 Bb6
35. Qf2 Ba7 36. a4 Qh5 37. Rgc1 Rgd8 38. a5 Rg8 39. Rg1 Rg6 40. b4 Rh6 41. Qg2
Qg4 42. Re1 Rd8 43. Bf2 Rg8 44. Rc2 Rd8 45. Rc4 Rh5 46. Rh1 Qe2 47. Qf1 Qa2 48.
Kg1 Rh6 49. Rh2 Qb3 50. Qc1 Qf3 51. Qe3 Qd5 52. Qe2 Rg8 53. h4 Rhg6 54. Rg2 Rg4
55. Be3 Rxg3 56. Rxg3 Rxg3+ 57. Kh2 Rxe3 58. Qxe3 Qxc4 59. Qg3 Qe2+ 60. Kh1 Qg4
61. Qf2 Qd1+ 62. Kh2 Bxd4 0-1

[Event "68th ch-RUS HL w 2018"]
[Site "Yaroslavl RUS"]
[Date "2018.06.27"]
[Round "2.10"]
[White "Potapova, Margarita"]
[Black "Bocharova, Ulyana"]
[Result "1-0"]
[WhiteTitle "WFM"]
[WhiteElo "2302"]
[BlackElo "1874"]
[WhiteFideId "14126869"]
[BlackFideId "24174513"]
[EventDate "2018.06.26"]

1. e4 e5 2. Nf3 Nf6 3. d4 exd4 4. e5 Nd5 5. Qxd4 Nb6 6. Nc3 Nc6 7. Qe4 Bb4 8.
Bd3 Qe7 9. O-O Bxc3 10. bxc3 d5 11. Qf4 h6 12. Qg3 g5 13. Re1 Be6 14. Nd4 Na5
15. Nf5 Qc5 16. Be3 Qc6 17. h4 Bxf5 18. Bxf5 Qxc3 19. e6 f6 20. e7 Qc4 21. Qf3
Nd7 22. Bc5 1-0

[Event "68th ch-RUS HL w 2018"]
[Site "Yaroslavl RUS"]
[Date "2018.06.27"]
[Round "2.11"]
[White "Kovalevskaya, Ekaterina"]
[Black "Ustich, Ekaterina"]
[Result "1-0"]
[WhiteTitle "IM"]
[WhiteElo "2402"]
[BlackElo "2028"]
[WhiteFideId "4116704"]
[BlackFideId "24179221"]
[EventDate "2018.06.26"]

1. Nf3 Nf6 2. g3 g6 3. Bg2 Bg7 4. O-O O-O 5. d4 d6 6. Re1 Nbd7 7. e4 e5 8. Nc3
exd4 9. Nxd4 Re8 10. h3 Nc5 11. Bf4 Nh5 12. Be3 Nf6 13. f3 Ne6 14. Nde2 Qe7 15.
Qd2 Bd7 16. Rad1 a6 17. g4 Bc6 18. Ng3 Nd7 19. f4 Nec5 20. Nd5 Qd8 21. c3 a5 22.
Bf2 Bb5 23. Qc2 Bc4 24. b3 Bxd5 25. Rxd5 Ne6 26. Ne2 Qe7 27. g5 Ra6 28. h4 Nec5
29. Ng3 b5 30. Bf1 c6 31. Rdd1 Raa8 32. Qd2 Nb7 33. e5 d5 34. c4 bxc4 35. bxc4
Rad8 36. cxd5 cxd5 37. Bb5 Rf8 38. Bc6 Ndc5 39. Bxd5 Qd7 40. Qe2 Qh3 41. Qf3
Qxh4 42. Ne4 1-0

[Event "68th ch-RUS HL w 2018"]
[Site "Yaroslavl RUS"]
[Date "2018.06.27"]
[Round "2.12"]
[White "Paramzina, Anastasya"]
[Black "Vasilevich, Tatjana"]
[Result "0-1"]
[WhiteTitle "WGM"]
[BlackTitle "IM"]
[WhiteElo "2255"]
[BlackElo "2360"]
[WhiteFideId "4165012"]
[BlackFideId "14101610"]
[EventDate "2018.06.26"]

1. e4 g6 2. d4 Bg7 3. Be3 c6 4. Nc3 d5 5. Nf3 dxe4 6. Nxe4 Nh6 7. Qd2 Nf5 8.
O-O-O Nxe3 9. Qxe3 O-O 10. Kb1 Nd7 11. h4 Nf6 12. Nxf6+ exf6 13. Bc4 b5 14. Bb3
Re8 15. Qc3 Qb6 16. h5 Bg4 17. hxg6 hxg6 18. Qd3 Bf5 19. Qd2 a5 20. a3 Rad8 21.
Qf4 a4 22. Ba2 Re4 23. Qh2 Re2 24. Rc1 c5 25. Qh7+ Kf8 26. Nh4 Be6 27. Bxe6 Qxe6
28. dxc5 b4 29. axb4 a3 30. Nf3 axb2 31. Rcd1 Ra8 32. Qh8+ Bxh8 33. Rxh8+ Kg7
34. Rxa8 Qe4 35. Nd4 Qxa8 36. Kxb2 Qd5 37. g4 Kg8 38. c6 Re4 39. c7 Qc4 40. c3
Qxc7 0-1

[Event "68th ch-RUS HL w 2018"]
[Site "Yaroslavl RUS"]
[Date "2018.06.27"]
[Round "2.13"]
[White "Shafigullina, Zarina"]
[Black "Diakonova, Ekaterina"]
[Result "1/2-1/2"]
[WhiteTitle "WFM"]
[WhiteElo "2191"]
[BlackElo "2212"]
[WhiteFideId "24174220"]
[BlackFideId "24172936"]
[EventDate "2018.06.26"]

1. Nf3 Nf6 2. g3 g6 3. Bg2 Bg7 4. O-O O-O 5. d4 d6 6. c4 Nc6 7. Nc3 a6 8. h3 Bd7
9. e4 e5 10. Be3 exd4 11. Nxd4 Ne5 12. b3 Re8 13. Re1 Rb8 14. Rc1 c5 15. Nde2 b5
16. f4 Nc6 17. cxb5 axb5 18. Qxd6 b4 19. Nd1 Nxe4 20. Qd5 Nc3 21. Ndxc3 Rxe3 22.
Ne4 Nd4 23. Nxd4 Bxd4 24. Kh2 Be6 25. Qxd8+ Rxd8 26. Ng5 Rxe1 27. Rxe1 Bf5 28.
g4 Bc2 29. Bf1 h6 30. Nf3 Ra8 31. Bc4 Rxa2 32. Re8+ Kg7 33. Kg3 Rb2 34. Nxd4
cxd4 35. Re7 Bxb3 36. Rxf7+ Kg8 37. Rc7+ Bxc4 38. Rxc4 d3 39. Kf3 b3 40. Rb4 Kf7
41. Rb6 Rb1 42. Ke3 Rh1 43. Rxb3 Rxh3+ 44. Kd2 Rg3 45. Rb7+ Kf6 46. Rb6+ Kf7 47.
Rb7+ Ke6 48. Rb6+ Kd5 49. Rxg6 Ke4 50. f5 Rg2+ 51. Kd1 Ke3 52. Re6+ Kd4 53. Rd6+
Ke3 54. Re6+ Kd4 55. Rd6+ 1/2-1/2

[Event "68th ch-RUS HL w 2018"]
[Site "Yaroslavl RUS"]
[Date "2018.06.27"]
[Round "2.14"]
[White "Shuvalova, Polina"]
[Black "Getman, Tatyana"]
[Result "1-0"]
[WhiteTitle "WIM"]
[BlackTitle "WFM"]
[WhiteElo "2418"]
[BlackElo "2146"]
[WhiteFideId "24171760"]
[BlackFideId "34166146"]
[EventDate "2018.06.26"]

1. d4 d5 2. c4 e6 3. Nf3 Nf6 4. Nc3 Bb4 5. e3 O-O 6. Bd3 dxc4 7. Bxc4 c5 8. O-O
Nc6 9. a3 Bxc3 10. bxc3 cxd4 11. cxd4 b6 12. Re1 Bb7 13. e4 Ne7 14. Bd3 Ng6 15.
Bd2 Qd7 16. a4 Bc6 17. a5 bxa5 18. Rxa5 Rfb8 19. h4 Bb5 20. Bb1 Qc7 21. g3 Nf8
22. Ng5 h6 23. e5 Ne8 24. Be4 hxg5 25. Bxa8 Rxa8 26. Rxb5 gxh4 27. Qf3 Qd8 28.
Ba5 Qc8 29. Rb7 f5 30. g4 Ng6 31. gxf5 exf5 32. e6 f4 33. Rd7 Nf6 34. Rd8+ 1-0

[Event "68th ch-RUS HL w 2018"]
[Site "Yaroslavl RUS"]
[Date "2018.06.27"]
[Round "2.15"]
[White "Garifullina, Leya"]
[Black "Voit, Daria"]
[Result "1-0"]
[WhiteTitle "WCM"]
[BlackTitle "FM"]
[WhiteElo "2131"]
[BlackElo "2380"]
[WhiteFideId "34127035"]
[BlackFideId "4182146"]
[EventDate "2018.06.26"]

1. e4 c6 2. d4 d5 3. e5 Bf5 4. h4 a6 5. g4 Bd7 6. h5 e6 7. f4 c5 8. c3 cxd4 9.
cxd4 Bb4+ 10. Kf2 Nc6 11. Nf3 f6 12. Kg3 Qc7 13. Be3 fxe5 14. fxe5 O-O-O 15. a3
Ba5 16. b4 Bb6 17. Kh3 Kb8 18. Nbd2 Nge7 19. Rc1 Rdg8 20. Bd3 h6 21. Qc2 Qd8 22.
Nb3 Ka8 23. Rce1 Be8 24. Nh4 Na7 25. Nc5 Bxc5 26. Qxc5 g5 27. Ng2 Bb5 28. Bxb5
Nxb5 29. a4 Na3 30. b5 Nc4 31. bxa6 bxa6 32. Rhf1 Rh7 33. Rf6 Qd7 34. Ref1 Nc6
35. Rf8+ Rxf8 36. Qxf8+ Ka7 37. Bg1 Nd2 38. Qc5+ Ka8 39. Rf8+ Kb7 40. Qc2 Ne4
41. Qb3+ Ka7 42. Qf3 Qb7 43. Qxe4 1-0

[Event "68th ch-RUS HL w 2018"]
[Site "Yaroslavl RUS"]
[Date "2018.06.27"]
[Round "2.16"]
[White "Charochkina, Daria"]
[Black "Lingur, Zalina"]
[Result "0-1"]
[WhiteTitle "IM"]
[BlackTitle "WFM"]
[WhiteElo "2343"]
[BlackElo "2101"]
[WhiteFideId "4180917"]
[BlackFideId "34165670"]
[EventDate "2018.06.26"]

1. d4 Nf6 2. c4 e6 3. Nc3 Bb4 4. Qc2 O-O 5. a3 Bxc3+ 6. Qxc3 b6 7. Bg5 Bb7 8.
Nf3 d6 9. e3 Nbd7 10. Nd2 Rc8 11. Be2 c5 12. b4 d5 13. dxc5 bxc5 14. b5 e5 15.
Bxf6 Nxf6 16. cxd5 Qxd5 17. Bf3 e4 18. Be2 Rfd8 19. Nc4 Qg5 20. O-O Bd5 21. Qa5
Bxc4 22. Bxc4 Ng4 23. Qxa7 Qh5 24. h3 Ne5 25. Rac1 Rd7 26. Qa6 Rcd8 27. b6 Rd6
28. Be2 Nf3+ 29. Kh1 Rh6 30. Rfd1 Rf8 31. Qc4 Qf5 32. Bf1 Rxh3+ 33. gxh3 Qe5 34.
Qxf7+ Kxf7 35. Bc4+ Ke7 0-1

[Event "68th ch-RUS HL w 2018"]
[Site "Yaroslavl RUS"]
[Date "2018.06.27"]
[Round "2.17"]
[White "Loskutova, Viktoriya"]
[Black "Protopopova, Anastasiya"]
[Result "1/2-1/2"]
[BlackTitle "WFM"]
[WhiteElo "2096"]
[BlackElo "2262"]
[WhiteFideId "34166278"]
[BlackFideId "24172073"]
[EventDate "2018.06.26"]

1. e4 e5 2. Nf3 Nc6 3. d4 exd4 4. Nxd4 Bc5 5. Be3 Qf6 6. c3 Nge7 7. Bc4 d6 8.
O-O Ne5 9. Be2 Qg6 10. Bh5 Qxe4 11. Nd2 Qd3 12. Be2 Qg6 13. Bh5 Qd3 14. Be2 Qg6
15. Bh5 Qd3 16. Be2 Qg6 17. Bh5 Qd3 18. Be2 1/2-1/2

[Event "68th ch-RUS HL w 2018"]
[Site "Yaroslavl RUS"]
[Date "2018.06.27"]
[Round "2.18"]
[White "Semenova, Elena1"]
[Black "Legenko, Ksenia"]
[Result "1-0"]
[WhiteTitle "WIM"]
[BlackTitle "WFM"]
[WhiteElo "2238"]
[BlackElo "2079"]
[WhiteFideId "24125148"]
[BlackFideId "4192265"]
[EventDate "2018.06.26"]

1. e4 c6 2. d4 d5 3. e5 Bf5 4. h4 h5 5. Bd3 Bxd3 6. Qxd3 Qa5+ 7. Nd2 e6 8. Nf3
Qa6 9. c4 Nh6 10. O-O Nf5 11. Qc3 dxc4 12. Nxc4 Be7 13. Bg5 Bxg5 14. Nxg5 Nd7
15. b3 Nb6 16. Ne4 Nxc4 17. bxc4 Rd8 18. Rfd1 O-O 19. a4 b6 20. a5 b5 21. Qf3 b4
22. d5 cxd5 23. cxd5 g6 24. Nf6+ Kg7 25. d6 Qc4 26. Qe4 Qxe4 27. Nxe4 Nxh4 28.
Nc5 Nf5 29. Rab1 Rc8 30. Nb7 f6 31. d7 Rcd8 32. Nxd8 Rxd8 33. Rbc1 Ne7 34. Rc7
a6 35. Rd6 Kf7 36. exf6 Kxf6 37. Rxa6 b3 38. Rb7 Nd5 39. Raa7 Ke7 40. Rxb3 Kd6
41. a6 Nc7 42. Rab7 Ra8 43. a7 1-0

[Event "68th ch-RUS HL w 2018"]
[Site "Yaroslavl RUS"]
[Date "2018.06.27"]
[Round "2.19"]
[White "Yakimenko, Viktoria"]
[Black "Sukhareva, Evgeniya"]
[Result "1-0"]
[WhiteTitle "WFM"]
[WhiteElo "2078"]
[BlackElo "2234"]
[WhiteFideId "24174998"]
[BlackFideId "4167155"]
[EventDate "2018.06.26"]

1. e4 e5 2. Nf3 Nc6 3. Bb5 Nge7 4. Nc3 g6 5. d4 exd4 6. Nd5 Nxd5 7. exd5 Qe7+ 8.
Be2 Ne5 9. Nxd4 Bg7 10. O-O d6 11. Bb5+ c6 12. dxc6 O-O 13. c3 Qc7 14. cxb7 Bxb7
15. Re1 a6 16. Bf1 Rfe8 17. Bf4 Red8 18. Qa4 Bd5 19. Rad1 Bb7 20. Re3 h6 21. Rh3
Bc8 22. Re3 Bb7 23. Be2 Rab8 24. b3 Kh7 25. Qa3 Rbc8 26. h4 h5 27. Nf3 Kg8 28.
Ng5 Qc6 29. Bf1 Rd7 30. Ne4 Ng4 31. Rxd6 Rxd6 32. Nxd6 Nxe3 33. Nxc8 Bf8 34.
Ne7+ Bxe7 35. Qxe7 Nxf1 36. f3 Qxc3 37. Qe8+ Kh7 38. Qxf7+ Qg7 39. Qxg7+ Kxg7
40. Kxf1 Kf6 41. Ke2 Bc6 42. Kd3 Bb5+ 43. Kd4 Bf1 44. g4 Be2 45. gxh5 gxh5 46.
Bg5+ Ke6 47. f4 Bd1 48. Kc5 Bc2 49. Kb6 Bd3 50. b4 Kd5 51. a4 Kc4 52. Be7 Kb3
53. a5 Kc3 54. Bc5 Bc4 55. f5 Kb3 56. f6 1-0

[Event "68th ch-RUS HL w 2018"]
[Site "Yaroslavl RUS"]
[Date "2018.06.27"]
[Round "2.20"]
[White "Balaian, Alina"]
[Black "Alekseeva, Irina"]
[Result "1-0"]
[WhiteTitle "WIM"]
[WhiteElo "2221"]
[BlackElo "2065"]
[WhiteFideId "24115347"]
[BlackFideId "24178683"]
[EventDate "2018.06.26"]

1. e4 c5 2. Nf3 e6 3. d4 cxd4 4. Nxd4 Nf6 5. Nc3 Nc6 6. Ndb5 Bc5 7. Bf4 O-O 8.
Bc7 Qe7 9. Bd6 Bxd6 10. Qxd6 Qd8 11. Nc7 Rb8 12. Be2 a6 13. a4 Ne8 14. Nxe8 Rxe8
15. O-O Qb6 16. Ra3 Qb4 17. Rd1 h6 18. f4 e5 19. f5 Qb6+ 20. Kf1 Qe3 21. Nd5 Qg5
22. Rg3 1-0